LIBRARY & INFORMATION CENTRE, KCAET, TAVANUR

ONLINE PUBLIC ACCESS CATALOGUE (OPAC)

English system of education / (Record no. 12217)

MARC details
000 -LEADER
fixed length control field 00432cam a2200181ua 4500
041 ## - LANGUAGE CODE
Language code of text/sound track or separate title eng
082 ## - DEWEY DECIMAL CLASSIFICATION NUMBER
Classification number 370.1
Item number BEL/EN
100 ## - MAIN ENTRY--AUTHOR NAME
Personal name Bell, C R V .
245 ## - TITLE STATEMENT
Title English system of education /
250 ## - EDITION STATEMENT
Edition statement 1 /
260 ## - PUBLICATION, DISTRIBUTION, ETC. (IMPRINT)
Place of publication London :
Name of publisher Longman Green and Co ,
Year of publication 1958.
300 ## - PHYSICAL DESCRIPTION
Number of Pages 44 ; .
942 ## - ADDED ENTRY ELEMENTS (KOHA)
Koha item type Books
Holdings
Withdrawn status Lost status Damaged status Home library Current library Date acquired Full call number Accession Number Koha item type
Withdrawn     KAUAET Sanskrit University 07/04/2012 370.1 4003 Books
free website counter